| 000 | 00401nam a2200145 a 4500 | ||
|---|---|---|---|
| 001 | 1655 | ||
| 003 | CDMR | ||
| 005 | 20151019135402.0 | ||
| 008 | 130130s2005||||||||||||||||||||||||||||d | ||
| 040 |
_aCDMR _bcat _cCPC GIRONA |
||
| 110 | 2 |
_91250 _aRadiotelevisión Española |
|
| 245 | 1 | 0 |
_aInforme 2004 sobre el cumplimiento de la función de servicio público _cRTVE |
| 260 |
_c2005 _bRTVE |
||
| 942 |
_cMON _2ddc |
||
| 999 |
_c1655 _d1655 |
||